Statistiques concernant Acides Aminés

Cliquez ici pour prendre le quiz!

Statistiques générales

  • Ce quiz a été pris 176 fois
  • Le résultat moyen est 17 sur 20

Statistiques - réponses

HintRéponse% Correct
AlaAlanine
97%
GlyGlycine
92%
LeuLeucine
92%
ArgArginine
91%
ValValine
91%
CysCystéine
90%
SerSérine
89%
ProProline
87%
IleIsoleucine
85%
LysLysine
85%
MetMéthionine
85%
GlnGlutamine
84%
HisHistidine
84%
TyrTyrosine
84%
PhePhénylalanine
83%
AsnAsparagine
79%
ThrThréonine
78%
TrpTryptophane
77%
GluGlutamate
74%
AspAspartate
69%

Distribution des résultats

Percentile par nombre de réponses

% des personnes avec chaque résultat

Votre développement - résultats

Vous n’avez pas pris ce quiz